000 00470nam a2200157Ia 4500
008 210716s2004 xx 000 0 und d
020 _a9788129702193
041 _aeng
082 _a526 KRAM
100 _aKraak, Menno Jan;Ormeling, Ferjan.
245 _aCartography: visualization of geospatial data.
_bVisualization of geospatial data.
250 _a1
260 _aNew Delhi
_bPearson Education
_c2004
300 _aix,205
650 _aMathematical geography(526)
999 _c186139
_d186139